000 00649nam a22001817a 4500
003 OSt
005 20260113083803.0
008 260113b |||||||| |||| 00| 0 eng d
020 _a 978-621-409-152-2
040 _aDWC-Main lib
_cOC
100 _aDisimulacion-Tuazon, Marie Arlene
245 _aMacro Perspectives of Tourism and Hospitality/
_cMarie Arlene Disimulacion-Tuazon
260 _aMandaluyong City :
_bBooks Atbp Publishing Corp. ,
_cc2019.
300 _axii, 274 pages :
_b illustrations ;
_c 25cm.
504 _aIncludes bibliographical reference
650 _a1. Hospitality industry - mangement
942 _2ddc
_cBK - FIL
_kFil.
_n0
999 _c7350
_d7350